| 000 | 01026nam a2200253 a 4500 | ||
|---|---|---|---|
| 003 | MX-MxUPN | ||
| 005 | 20230926100251.0 | ||
| 008 | 991125s1966 xxu r 000 0 eng d | ||
| 035 | _aUPN01000054782 | ||
| 040 |
_aMX-MxUPN _bspa _cMX-MxUPN |
||
| 041 | 0 | _aeng | |
| 050 | 1 | 4 |
_aLC111 _bS74 1966 |
| 100 | 1 |
_aSteinhilber, August W. _950072 |
|
| 100 | 1 |
_aSokolowski, Carl J. _950073 |
|
| 245 | 1 | 0 | _aState law relating to transportation and texbooks for parochial school students and constitutional protection of religious freedom |
| 246 | 0 | 4 | _aState laws related to transportation and textbooks for parochial school students and constitutional protection or religious freedom |
| 260 |
_aWashigton, D.C. : _bDepartament of Health, Education and Welfare, _c1966. |
||
| 300 | _a45 páginas | ||
| 650 | 4 |
_aEscuelas católicas _zEstados Unidos _950070 |
|
| 650 | 4 |
_aEscolares _xTransporte _921727 |
|
| 650 | 4 |
_aLibros de texto _zEstados Unidos _950068 |
|
| 650 | 4 |
_aIglesia y educación _zEstados Unidos _950069 |
|
| 942 |
_2lcc _cFOLL |
||
| 999 |
_c54782 _d54782 |
||